| 000 | 00810nam a22002177a 4500 | ||
|---|---|---|---|
| 003 | OSt | ||
| 005 | 20260219185711.0 | ||
| 008 | 260202b |||||||| |||| 00| 0 eng d | ||
| 040 | _c0 | ||
| 082 | _aDPer 370.15 J826 May-August 2024 v. 116 n. 4-6 | ||
| 100 |
_aKim, Young-Suk Grace. _eauthor. _948483 |
||
| 245 |
_aWriting Fluency / _cYoung-Suk Grace Kim. |
||
| 260 |
_aWashington, DC ; _bAmerican Psychological Association , _cMay 2024. |
||
| 300 |
_aVolume 116, pages 590-607 : _billustration ; _c28 cm. |
||
| 500 | _aJournal of Educational Psychology, vol. 116, no. 4, pages 590-607, October-November 2024. | ||
| 650 | 0 |
_a Beginning Writing _969851 |
|
| 650 | 0 |
_aCognitive processes. _964869 |
|
| 650 | 0 |
_aLongitudinal studies. _964916 |
|
| 700 |
_aKim, Young-Suk Grace. _eauthor. _948483 |
||
| 942 |
_2ddc _cPER |
||
| 999 |
_c24256 _d24256 |
||